[Event "European Blitz 2017"]
[Site "Katowice POL"]
[Date "2017.12.15"]
[Round "14.49"]
[White "Batsiashvili, Nino"]
[Black "Dvirnyy, Danyyil"]
[Result "1/2-1/2"]
[WhiteTitle "IM"]
[BlackTitle "GM"]
[WhiteElo "2502"]
[BlackElo "2532"]
[WhiteFideId "13602993"]
[BlackFideId "817570"]
[EventDate "2017.12.15"]
[EventType "swiss"]

1. d4 d5 2. c4 c6 3. Nf3 Nf6 4. Nc3 g6 5. e3 Bg7 6. Be2 O-O 7. O-O dxc4 8. Bxc4
Bg4 9. Be2 Nbd7 10. h3 Bxf3 11. Bxf3 e5 12. dxe5 Nxe5 13. Be2 Qe7 14. Qc2 Rfd8
15. e4 c5 16. Be3 Nc6 17. Bc4 Nd4 18. Bxd4 Rxd4 19. Bd5 Rd8 20. Rad1 Nxd5 21.
exd5 a6 22. a4 Re8 23. Rd3 c4 24. Re3 Qd8 25. Rfe1 Rxe3 26. Rxe3 h5 27. Qe2 Qd6
28. Re4 Rxe4 29. Qxe4 Bxc3 30. bxc3 b5 31. axb5 axb5 32. Qe8+ Kg7 33. Qxb5 Qf4
34. Qb2 Kf6 35. Qb6+ Kf5 36. Qe3 Qe5 37. Qf3+ Kg5 38. Qxf7 Qe1+ 39. Kh2 Qxc3 40.
g3 Qd4 41. Kg1 1/2-1/2

[Event "European Blitz 2017"]
[Site "Katowice POL"]
[Date "2017.12.15"]
[Round "14.50"]
[White "Fedorov, Evgueny"]
[Black "Mikhalchishin, Adrian"]
[Result "0-1"]
[BlackTitle "GM"]
[WhiteElo "2241"]
[BlackElo "2479"]
[WhiteFideId "4188004"]
[BlackFideId "14602385"]
[EventDate "2017.12.15"]
[EventType "blitz"]

1. e4 e5 2. Nf3 Nc6 3. Bb5 a6 4. Ba4 Nge7 5. c3 g6 6. O-O Bg7 7. d4 exd4 8. cxd4
b5 9. Bb3 d6 10. h3 O-O 11. a4 Bb7 12. Nc3 Na5 13. Bc2 b4 14. Ne2 c5 15. dxc5
dxc5 16. Qxd8 Rfxd8 17. Bg5 Kf8 18. Be3 Rac8 19. Rad1 Rxd1 20. Rxd1 Bxb2 21. Rd6
b3 22. Bd1 Nc4 23. Rd7 Bc6 24. Ra7 Nxe3 25. fxe3 Bxa4 26. Rxa6 Bb5 27. Rb6 Bxe2
28. Bxe2 c4 29. Bxc4 Rxc4 30. Rxb3 Bc1 31. Nd4 Bxe3+ 32. Rxe3 Rxd4 33. Kf2 Nc6
34. Kf3 Ke7 35. Kf4 f5 36. Kg5 fxe4 37. Kh6 Kf6 38. Kxh7 Ne5 39. Re1 0-1

[Event "European Blitz 2017"]
[Site "Katowice POL"]
[Date "2017.12.15"]
[Round "14.51"]
[White "Manik, Mikulas"]
[Black "Sergeev, Vladimir"]
[Result "1-0"]
[WhiteTitle "GM"]
[BlackTitle "GM"]
[WhiteElo "2415"]
[BlackElo "2406"]
[WhiteFideId "14900734"]
[BlackFideId "14101076"]
[EventDate "2017.12.15"]
[EventType "blitz"]

1. e4 Nf6 2. e5 Nd5 3. d4 d6 4. c4 Nb6 5. exd6 exd6 6. Bd3 Nc6 7. Ne2 g6 8. Nbc3
Bg7 9. d5 Ne5 10. b3 Nxd3+ 11. Qxd3 O-O 12. O-O Bf5 13. Qd2 Qh4 14. Bb2 a6 15.
Ng3 Bd7 16. Nce2 Bxb2 17. Qxb2 Rae8 18. Nd4 Qf4 19. Rfe1 h5 20. Nge2 Qf6 21. Qd2
Re5 22. Nf3 Re7 23. Qd4 Kg7 24. Qxf6+ Kxf6 25. Nc3 Rfe8 26. Rxe7 Rxe7 27. h4 Bg4
28. Nd4 Nd7 29. f3 Bf5 30. Nxf5 Kxf5 31. Kf2 Nc5 32. Rd1 Kf6 33. b4 Nd7 34. c5
Re8 35. Ne4+ Ke7 36. cxd6+ cxd6 37. Rc1 f5 38. Ng5 Kd8 39. Ne6+ Ke7 40. Rc7 Rb8
41. a4 Ke8 42. Nf4 Ne5 43. Ke3 a5 44. bxa5 Ra8 45. Rxb7 Rxa5 46. Rb4 Kf7 47. Kd4
Kf6 48. Ne2 Nd7 49. Nc3 Nc5 50. Rb6 Ke7 51. Rb5 Ra7 52. Rb4 Ra6 53. Kc4 Ra8 54.
Kd4 Ra6 55. g3 Ra8 56. Ke3 Ra6 57. Kf4 Kf6 58. Rc4 Nd3+ 59. Ke3 Nc5 60. Rb4 Ke7
61. Kd4 Kf6 62. Kc4 Ra8 63. Rb6 Ke7 64. Kb5 Nb3 65. Rb7+ Kf6 66. Kc6 Ra6+ 67.
Kd7 Nc5+ 68. Kc7 Nxb7 69. Kxb7 Ra5 70. Kb6 Rc5 71. Nb5 Rxd5 72. a5 Rd1 73. a6
Ra1 74. Nxd6 Ke6 75. Nb5 Kd7 76. a7 Ra2 77. Kb7 Ra5 78. a8=Q Rxb5+ 79. Ka6 Re5
80. Qb7+ Kd6 81. Qb6+ Kd5 82. Qb5+ Ke6 83. Qc6+ Kf7 84. Qd7+ Re7 85. Qd5+ Re6+
86. Kb7 Kf6 87. f4 Re4 88. Qg8 Re1 89. Kc7 Re2 90. Kd7 Re7+ 91. Kd6 Re1 92. Qf8# 1-0

[Event "European Blitz 2017"]
[Site "Katowice POL"]
[Date "2017.12.15"]
[Round "14.52"]
[White "Heberla, Bartlomiej"]
[Black "Amores Gago, Javier"]
[Result "1-0"]
[WhiteTitle "GM"]
[WhiteElo "2555"]
[BlackElo "2139"]
[WhiteFideId "1115120"]
[BlackFideId "32004192"]
[EventDate "2017.12.15"]
[EventType "blitz"]

1. d4 d6 2. c4 e5 3. d5 a5 4. Nc3 Na6 5. e4 g6 6. Bd3 Bg7 7. Nge2 Ne7 8. O-O O-O
9. Be3 f5 10. exf5 Nxf5 11. Bxf5 Bxf5 12. Ng3 Bd7 13. Qd2 b6 14. b3 Nc5 15. Rab1
Qh4 16. a3 a4 17. Bxc5 bxc5 18. b4 Qxc4 19. Nce4 cxb4 20. Rfc1 Qd4 21. Rxc7 Bf5
22. Qxb4 Qxd5 23. Qb7 Qxb7 24. Rbxb7 Bh6 25. Rxh7 Rab8 26. Rxb8 Rxb8 27. Nf6+
Kf8 28. Rh8+ Kf7 29. Rxb8 Kxf6 30. Nxf5 gxf5 31. Ra8 1-0

[Event "European Blitz 2017"]
[Site "Katowice POL"]
[Date "2017.12.15"]
[Round "14.54"]
[White "Macko, Miroslav"]
[Black "Tregubov, Pavel V."]
[Result "0-1"]
[WhiteTitle "FM"]
[BlackTitle "GM"]
[WhiteElo "2262"]
[BlackElo "2575"]
[WhiteFideId "14932695"]
[BlackFideId "4115341"]
[EventDate "2017.12.15"]
[EventType "blitz"]

1. e4 c5 2. Nf3 e6 3. b3 Nc6 4. Bb2 a6 5. a4 Qc7 6. Nc3 Nf6 7. Be2 d5 8. exd5
exd5 9. d4 cxd4 10. Nxd4 Bc5 11. Nxc6 bxc6 12. O-O O-O 13. Bf3 Bf5 14. Ne2 Ne4
15. Ng3 Nxg3 16. hxg3 Qxg3 17. Qd2 Qg6 18. Rfe1 h5 19. Bxh5 Qxh5 20. Qc3 Bxf2+
21. Kxf2 Qg6 22. Re3 f6 23. Rg3 Qf7 24. Qxc6 Rac8 25. Qxf6 Qxf6 26. Bxf6 Rxf6
27. c3 Bc2+ 28. Kg1 Bxb3 29. a5 Bc4 30. Rb1 Rc7 31. Rb8+ Kf7 32. Re3 Re7 33. Rh3
Re1+ 34. Kh2 Rh6 35. Rb7+ Re7 36. Rxh6 gxh6 37. Rb6 Re6 38. Rb7+ Kg6 39. Kg3
Re3+ 40. Kf4 Rxc3 41. Rb6+ Kf7 42. Rb7+ Ke6 43. Rb6+ Kd7 44. Rxh6 d4 45. g4 d3
46. Ke3 Rc2 47. Rh7+ Kd6 48. Rh6+ Kc5 49. Rh5+ Kb4 50. Rh8 Kc3 51. Rd8 Re2+ 52.
Kf3 d2 53. g5 Re1 0-1

[Event "European Blitz 2017"]
[Site "Katowice POL"]
[Date "2017.12.15"]
[Round "14.55"]
[White "Sotsky, Alexander"]
[Black "Pena Gomez, Manuel"]
[Result "0-1"]
[WhiteTitle "IM"]
[BlackTitle "IM"]
[WhiteElo "2333"]
[BlackElo "2491"]
[WhiteFideId "4130715"]
[BlackFideId "2252813"]
[EventDate "2017.12.15"]
[EventType "blitz"]

1. d4 Nf6 2. Bg5 Ne4 3. Bh4 c5 4. f3 g5 5. fxe4 gxh4 6. e3 Bh6 7. Kf2 Qb6 8. Nc3
cxd4 9. exd4 O-O 10. Nd5 Qxb2 11. Nxe7+ Kh8 12. Nf5 Bg5 13. Nf3 Bf6 14. e5 d5
15. Nd6 Be7 16. Bd3 Bg4 17. Rb1 Bxf3 18. Rxb2 Bxd1 19. Rxd1 b6 20. Rb5 f6 21.
Ke2 fxe5 22. dxe5 Nc6 23. Rxd5 Nxe5 24. Nf5 Bf6 25. Rf1 Rae8 26. Kd1 Rd8 27.
Rxd8 Rxd8 28. Ke2 Bg5 29. h3 Ng6 30. Kf3 Rf8 31. Kg4 Bd8 32. Re1 Bc7 33. Re6
Ne5+ 34. Kh5 Nxd3 35. Nxh4 Nf4+ 0-1

[Event "European Blitz 2017"]
[Site "Katowice POL"]
[Date "2017.12.15"]
[Round "14.56"]
[White "Dubinski, Mateusz"]
[Black "Sammalvuo, Tapani"]
[Result "0-1"]
[WhiteTitle "CM"]
[BlackTitle "IM"]
[WhiteElo "2249"]
[BlackElo "2416"]
[WhiteFideId "1125923"]
[BlackFideId "501115"]
[EventDate "2017.12.15"]
[EventType "blitz"]

1. d4 Nf6 2. c4 e6 3. g3 d5 4. Bg2 Be7 5. Nf3 O-O 6. O-O dxc4 7. Qc2 b5 8. a4 b4
9. Ne5 Qxd4 10. Bxa8 Qxe5 11. Bf4 Qh5 12. Bg2 e5 13. Be3 Ng4 14. h4 Nxe3 15.
fxe3 Be6 16. Nd2 Qxe2 17. Rae1 Qd3 18. Qxd3 cxd3 19. Rc1 c6 20. a5 f5 21. Bxc6
e4 22. Bb5 Bf6 23. Rc7 a6 24. Bc4 Bxc4 25. Nxc4 Rd8 26. Rd1 Kf8 27. b3 Bc3 28.
h5 Ke8 29. h6 gxh6 30. Rxh7 Nd7 31. Nd6+ Kf8 32. Nxf5 Nc5 33. Nxh6 Nxb3 34. Rf7+
Ke8 35. Rf4 Nc5 36. Nf5 b3 37. g4 b2 38. Ng3 Bd2 39. Nxe4 Bxe3+ 40. Kf1 Bxf4 41.
Nxc5 Bc1 0-1

[Event "European Blitz 2017"]
[Site "Katowice POL"]
[Date "2017.12.15"]
[Round "14.57"]
[White "Skliarov, Viktor"]
[Black "Horton, Andrew P"]
[Result "0-1"]
[WhiteTitle "IM"]
[BlackTitle "FM"]
[WhiteElo "2353"]
[BlackElo "2397"]
[WhiteFideId "14106736"]
[BlackFideId "424269"]
[EventDate "2017.12.15"]
[EventType "blitz"]

1. e4 e5 2. Nc3 Nf6 3. Bc4 Bc5 4. d3 c6 5. Nf3 d6 6. h3 Bb6 7. a3 h6 8. O-O Nbd7
9. Be3 O-O 10. Bxb6 axb6 11. Ne2 b5 12. Ba2 Re8 13. Ng3 Nf8 14. c3 N6h7 15. d4
Qf6 16. d5 c5 17. Qd3 Bd7 18. Bb1 Ng6 19. Ne2 Ng5 20. Nxg5 hxg5 21. Qe3 Nf4 22.
Bc2 g6 23. Nxf4 gxf4 24. Qd3 Kg7 25. f3 Qh4 26. Qd2 Rh8 27. Qf2 Qg5 28. Kh2 Bxh3 0-1

[Event "European Blitz 2017"]
[Site "Katowice POL"]
[Date "2017.12.15"]
[Round "14.58"]
[White "Gdanski, Jacek"]
[Black "Budrewicz, Krzysztof"]
[Result "1-0"]
[WhiteTitle "GM"]
[WhiteElo "2458"]
[BlackElo "2204"]
[WhiteFideId "1100106"]
[BlackFideId "1127950"]
[EventDate "2017.12.15"]
[EventType "blitz"]

1. e4 g6 2. d4 Bg7 3. Nc3 d6 4. f4 a6 5. a4 Nf6 6. Nf3 O-O 7. Bd3 b6 8. O-O c5
9. d5 e6 10. dxe6 Bxe6 11. f5 Bc8 12. Qe1 Bb7 13. Qh4 Nbd7 14. fxg6 hxg6 15. Bh6
Nh5 16. Bg5 Qc7 17. Bc4 Ne5 18. Nxe5 dxe5 19. Be7 Nf4 20. Bxf8 Rxf8 21. g3 Ne6
22. Bxe6 fxe6 23. Rxf8+ Bxf8 24. Qg4 Qe7 25. Qxg6+ Bg7 26. Rd1 Bc6 27. h4 Be8
28. Qg4 Kh7 29. Kg2 b5 30. axb5 axb5 31. Ne2 c4 32. Ng1 Bg6 33. Nf3 Qb7 34. Ng5+
Kh6 35. Qxe6 Kh5 36. g4+ 1-0

[Event "European Blitz 2017"]
[Site "Katowice POL"]
[Date "2017.12.15"]
[Round "14.59"]
[White "Polzin, Rainer"]
[Black "Bednarek, Sylwester"]
[Result "0-1"]
[WhiteTitle "GM"]
[BlackTitle "FM"]
[WhiteElo "2404"]
[BlackElo "2307"]
[WhiteFideId "4610741"]
[BlackFideId "1101811"]
[EventDate "2017.12.15"]
[EventType "blitz"]

1. e4 e6 2. d4 d5 3. Nc3 Bb4 4. e5 c5 5. a3 Bxc3+ 6. bxc3 Qa5 7. Bd2 Qa4 8. Qb1
c4 9. h4 f6 10. Nf3 Nc6 11. h5 fxe5 12. dxe5 h6 13. g3 Nge7 14. Bh3 O-O 15. Bf4
Qa5 16. Qb2 d4 17. O-O dxc3 18. Qc1 Nd5 19. Nh4 Nxf4 20. gxf4 Nd4 21. Re1 Bd7
22. Ng6 Bc6 23. Ne7+ Kh8 24. Nxc6 bxc6 25. Bg2 Qd8 26. Re4 c5 27. Rb1 Qh4 28.
Qe3 Rad8 29. Rc1 Qxh5 30. Kf1 Nxc2 31. Qe2 Qxe2+ 32. Rxe2 Nd4 33. Re4 c2 34. Ke1
Rb8 35. Bf1 Rb1 36. Kd2 Nb3+ 0-1

[Event "European Blitz 2017"]
[Site "Katowice POL"]
[Date "2017.12.15"]
[Round "14.60"]
[White "Brodowski, Piotr"]
[Black "Sabuk, Piotr"]
[Result "1/2-1/2"]
[WhiteTitle "IM"]
[BlackTitle "IM"]
[WhiteElo "2430"]
[BlackElo "2382"]
[WhiteFideId "1124480"]
[BlackFideId "1137565"]
[EventDate "2017.12.15"]
[EventType "blitz"]

1. g3 e5 2. Bg2 Nf6 3. c4 g6 4. Nc3 Bg7 5. Nf3 Nc6 6. O-O O-O 7. d4 exd4 8. Nxd4
Re8 9. h3 Nxd4 10. Qxd4 Ne4 11. Qd3 Nxc3 12. bxc3 d6 13. Bf4 Bf5 14. e4 Be6 15.
Rfd1 Qe7 16. a4 a5 17. Rab1 Rab8 18. Be3 b6 19. Bd4 Rbd8 20. h4 Qd7 21. Ra1 Qc6
22. Bf1 Bg4 23. f3 Be6 24. h5 gxh5 25. Rd2 Qd7 26. Rh2 Rf8 27. Rxh5 f6 28. Ra2
Bf7 29. Rh4 c5 30. Be3 f5 31. exf5 d5 32. cxd5 Qxd5 33. Qxd5 Bxd5 34. c4 Bxf3
35. Rf2 Bc6 36. g4 Bd4 37. Rh3 Bxe3 38. Rxe3 Rd4 39. Rg3 h6 40. g5 hxg5 41.
Rxg5+ Kf7 42. f6 Rg8 43. Rxg8 Kxg8 44. Rb2 Rg4+ 45. Kf2 Rf4+ 46. Ke1 Rxf6 47.
Rxb6 Kg7 48. Rb8 Bxa4 49. Ra8 Bd7 50. Rxa5 Rf5 51. Bd3 Re5+ 52. Kd2 Kf6 53. Ra6+
Ke7 54. Kc3 Be6 55. Ra7+ Kd6 1/2-1/2

[Event "European Blitz 2017"]
[Site "Katowice POL"]
[Date "2017.12.15"]
[Round "14.61"]
[White "Lavendelis, Egons"]
[Black "Pultinevicius, Paulius"]
[Result "1-0"]
[WhiteTitle "FM"]
[BlackTitle "IM"]
[WhiteElo "2278"]
[BlackElo "2371"]
[WhiteFideId "11601647"]
[BlackFideId "12809390"]
[EventDate "2017.12.15"]
[EventType "blitz"]

1. e4 c5 2. Nf3 Nc6 3. Bb5 d6 4. c3 Bd7 5. O-O Nf6 6. Qe2 e5 7. Rd1 Be7 8. d4
Qc7 9. d5 Nb8 10. Bd3 O-O 11. c4 Na6 12. a3 Rab8 13. Nc3 Qc8 14. Rb1 Re8 15. Bd2
Bf8 16. b4 Nh5 17. g3 Bg4 18. b5 Nc7 19. Qe3 g6 20. Be2 Bg7 21. Nh4 Rf8 22. f3
Bd7 23. b6 axb6 24. Rxb6 Ne8 25. Rdb1 f5 26. Qd3 Bf6 27. Ng2 Bd8 28. R6b2 Nhf6
29. Nb5 Rf7 30. a4 fxe4 31. fxe4 Bg4 32. Na7 Qd7 33. Nc6 Ra8 34. Nxd8 Bxe2 35.
Qxe2 Qxd8 36. Rxb7 Rxb7 37. Rxb7 Rxa4 38. Ne1 Qc8 39. Rb2 Qa6 40. Rc2 h5 41. Bg5
Ra1 42. Kg2 Kg7 43. Nf3 Ng4 44. h3 Ngf6 45. Bxf6+ Nxf6 46. Ng5 Qb6 47. Rb2 Qa6
48. Ne6+ Kf7 49. Rb7+ Ke8 50. Nc7+ Kd8 51. Nxa6 Rxa6 52. Qf2 Ne8 53. Qf7 1-0

[Event "European Blitz 2017"]
[Site "Katowice POL"]
[Date "2017.12.15"]
[Round "14.62"]
[White "Pein, Jonathan"]
[Black "Kourousis, Epaminondas"]
[Result "0-1"]
[BlackTitle "IM"]
[WhiteElo "2165"]
[BlackElo "2393"]
[WhiteFideId "417092"]
[BlackFideId "4211626"]
[EventDate "2017.12.15"]
[EventType "blitz"]

1. b3 d5 2. Bb2 Bg4 3. f3 Bh5 4. e4 dxe4 5. Qe2 c6 6. Qxe4 Bg6 7. Qb4 Qb6 8.
Qxb6 axb6 9. Nc3 Nf6 10. O-O-O e6 11. Nge2 h6 12. Nf4 Bh7 13. g3 Bd6 14. Nd3
Nbd7 15. Kb1 b5 16. Nf2 O-O 17. Nfe4 Be7 18. d4 b4 19. Nxf6+ Nxf6 20. Ne4 Nxe4
21. fxe4 Bxe4 22. Rg1 Ra5 23. Re1 Bg6 24. a4 bxa3 25. Bc3 Raa8 26. Rg2 Rfd8 27.
Ka2 Bf6 28. Rd1 c5 29. Rgd2 Bh5 30. Be2 Bxe2 31. Rxe2 Bxd4 32. Red2 Rdc8 33. Rd3
e5 0-1

[Event "European Blitz 2017"]
[Site "Katowice POL"]
[Date "2017.12.15"]
[Round "14.63"]
[White "Kreisl, Robert"]
[Black "Koscielski, Janusz"]
[Result "1-0"]
[WhiteTitle "IM"]
[BlackTitle "FM"]
[WhiteElo "2440"]
[BlackElo "2339"]
[WhiteFideId "1613880"]
[BlackFideId "4614437"]
[EventDate "2017.12.15"]
[EventType "blitz"]

1. Nf3 Nf6 2. g3 g6 3. b3 Bg7 4. Bb2 d6 5. d4 c5 6. Bg2 Qa5+ 7. Qd2 Qxd2+ 8.
Nbxd2 Nc6 9. dxc5 dxc5 10. Ne4 c4 11. Nxf6+ exf6 12. Nd2 Be6 13. Nxc4 Bxc4 14.
bxc4 O-O 15. O-O Na5 16. c5 Rfd8 17. Bc3 Nc6 18. Rab1 Rab8 19. Rfd1 Rxd1+ 20.
Rxd1 Rd8 21. Rd3 f5 22. Bxg7 Kxg7 23. Bxc6 Rxd3 24. exd3 bxc6 25. f4 Kf6 26. Kf2
Ke6 27. c4 f6 28. Ke3 g5 29. h4 h6 30. d4 Kd7 31. Kd3 Kc7 32. Kc3 Kb7 33. Kb4
Ka6 34. d5 Kb7 35. Ka5 1-0

[Event "European Blitz 2017"]
[Site "Katowice POL"]
[Date "2017.12.15"]
[Round "14.64"]
[White "Mikrut, Dariusz"]
[Black "Wachinger, Nikolas"]
[Result "0-1"]
[WhiteTitle "IM"]
[WhiteElo "2375"]
[BlackElo "2243"]
[WhiteFideId "1112791"]
[BlackFideId "12962791"]
[EventDate "2017.12.15"]
[EventType "swiss"]

1. d4 Nf6 2. c4 g6 3. Nc3 Bg7 4. e4 d6 5. f3 O-O 6. Be3 c5 7. d5 e6 8. Qd2 exd5
9. cxd5 a6 10. a4 Nbd7 11. Nh3 Ne5 12. Nf2 Nh5 13. Be2 f5 14. f4 Ng4 15. Nxg4
fxg4 16. g3 Re8 17. Bd3 Rb8 18. O-O Bd7 19. a5 Qc7 20. Rfe1 b5 21. axb6 Rxb6 22.
Bf2 Reb8 23. Ra2 a5 24. Bc4 Rb4 25. b3 Bxc3 26. Qxc3 a4 27. bxa4 Bxa4 28. e5 Rb1
29. Rxa4 0-1

[Event "European Blitz 2017"]
[Site "Katowice POL"]
[Date "2017.12.15"]
[Round "14.65"]
[White "Subirats Ruiz, Sergi"]
[Black "Polivanov, Anatoliy"]
[Result "0-1"]
[BlackTitle "IM"]
[WhiteElo "2173"]
[BlackElo "2383"]
[WhiteFideId "2292475"]
[BlackFideId "14109468"]
[EventDate "2017.12.15"]
[EventType "blitz"]

1. e4 c5 2. Nf3 e6 3. Qe2 Nc6 4. g3 Be7 5. Bg2 Nf6 6. O-O d5 7. d3 O-O 8. e5 Ne8
9. h4 b5 10. Re1 Nc7 11. Nbd2 b4 12. Nf1 a5 13. N1h2 Nb5 14. Ng5 h6 15. Qh5 Nbd4
16. c3 bxc3 17. bxc3 Nf5 18. Nh3 Ba6 19. Bf1 d4 20. c4 Nb4 21. Bxh6 Nxh6 22. Ng5
Nc2 23. Bh3 Bb7 24. Nxe6 fxe6 25. Bxe6+ Kh7 26. Rab1 Nxe1 27. Rxb7 Qe8 28. Qe2
Rb8 29. Qe4+ Kh8 30. Rxb8 Qxb8 31. Ng4 Nf3+ 32. Kg2 Nxg4 33. Qxg4 Qxe5 34. Bd5
Ne1+ 35. Kf1 Nxd3 36. f4 Qe1+ 37. Kg2 Qf2+ 38. Kh3 Qf1+ 39. Kh2 Qf2+ 40. Kh3
Nxf4+ 41. gxf4 Qe3+ 42. Kh2 Qxf4+ 0-1

[Event "European Blitz 2017"]
[Site "Katowice POL"]
[Date "2017.12.15"]
[Round "14.66"]
[White "Saraci, Nderim"]
[Black "Barski, Radoslaw"]
[Result "1-0"]
[WhiteTitle "FM"]
[BlackTitle "IM"]
[WhiteElo "2398"]
[BlackElo "2452"]
[WhiteFideId "6351921"]
[BlackFideId "1131710"]
[EventDate "2017.12.15"]
[EventType "blitz"]

1. Nf3 Nf6 2. d4 g6 3. c4 Bg7 4. Nc3 d6 5. e4 O-O 6. Be2 e5 7. dxe5 dxe5 8. Qxd8
Rxd8 9. Bg5 c6 10. Nxe5 Re8 11. O-O-O Na6 12. f4 h6 13. Bh4 Nc5 14. Bxf6 Bxf6
15. Rhe1 Bxe5 16. fxe5 a5 17. Rd6 Be6 18. h4 Nd7 19. h5 g5 20. Nd1 Nxe5 21. Ne3
a4 22. Red1 Kg7 23. Kc2 Reb8 24. Nf5+ Bxf5 25. exf5 Re8 26. f6+ Kg8 27. Kc3 c5
28. R1d2 Nc6 29. Bf3 Nd4 30. Bxb7 Rab8 31. Bd5 Re3+ 32. Rd3 Re2 33. Rxd4 cxd4+
34. Kxd4 Rexb2 35. Ra6 Rxa2 36. Ra7 a3 37. Bxf7+ Kh8 38. Bd5 Rd2+ 39. Ke5 a2 40.
Kf5 Rd8 41. Kg6 R2xd5 42. cxd5 Kg8 43. Rxa2 Kf8 44. Ra7 Ke8 45. Re7+ Kf8 46. Rh7 1-0

[Event "European Blitz 2017"]
[Site "Katowice POL"]
[Date "2017.12.15"]
[Round "14.67"]
[White "Bugalski, Michal"]
[Black "Krause, Jonah"]
[Result "0-1"]
[BlackTitle "FM"]
[WhiteElo "2263"]
[BlackElo "2368"]
[WhiteFideId "1122134"]
[BlackFideId "12907910"]
[EventDate "2017.12.15"]
[EventType "blitz"]

1. e4 c5 2. c3 Nf6 3. e5 Nd5 4. d4 cxd4 5. Nf3 d6 6. cxd4 e6 7. Bc4 Be7 8. O-O
O-O 9. Nc3 Nxc3 10. bxc3 Qc7 11. Bd3 Nd7 12. Qe2 dxe5 13. dxe5 Nc5 14. Bc2 b6
15. Re1 Ba6 16. Qe3 Rad8 17. Nd4 Bb7 18. Qh3 g6 19. Bh6 Rfe8 20. Rad1 Bf8 21.
Bg5 Be7 22. Bh6 Rd7 23. a4 a6 24. Bf4 Bf8 25. Bg5 Bg7 26. Bf6 Bxf6 27. exf6 Qf4
28. Bf5 Rd6 29. g3 Qg5 30. Bxe6 Qxf6 31. Bc4 Rdd8 32. Rxe8+ Rxe8 33. Rc1 Rd8 34.
Bf1 Ne4 35. Rc2 Ng5 36. Qh4 Rxd4 0-1

[Event "European Blitz 2017"]
[Site "Katowice POL"]
[Date "2017.12.15"]
[Round "14.68"]
[White "Reichmann, Hendrik"]
[Black "Tomaszewski, Kacper"]
[Result "0-1"]
[WhiteTitle "FM"]
[WhiteElo "2337"]
[BlackElo "2292"]
[WhiteFideId "4647823"]
[BlackFideId "1127373"]
[EventDate "2017.12.15"]
[EventType "swiss"]

1. d4 Nf6 2. Bf4 d5 3. e3 c5 4. c3 Nc6 5. Nd2 e6 6. Ngf3 Nh5 7. Be5 f6 8. Bg3
Nxg3 9. hxg3 g6 10. Bd3 Bg7 11. dxc5 f5 12. Rc1 e5 13. Be2 Be6 14. b4 O-O 15.
Nb3 a5 16. b5 Ne7 17. Ng5 Qc8 18. c6 bxc6 19. Nc5 Bd7 20. b6 Rb8 21. Nxh7 Re8
22. Rb1 e4 23. c4 Qd8 24. Qb3 Nc8 25. b7 Ne7 26. Ng5 dxc4 27. Bxc4+ Nd5 28.
Bxd5+ cxd5 29. Qxd5+ Be6 30. Qxd8 Rbxd8 31. Ngxe6 Bc3+ 32. Kf1 Rd2 33. b8=Q Rxb8
34. Rxb8+ Kf7 35. Rh7+ Kf6 36. Rf8+ Ke5 37. Kg1 Rxa2 38. Nf4 Be1 39. Rd7 Bxf2+
40. Kh2 Bxe3 0-1

[Event "European Blitz 2017"]
[Site "Katowice POL"]
[Date "2017.12.15"]
[Round "14.69"]
[White "Smolin, Sergey1"]
[Black "Dragnev, Valentin"]
[Result "0-1"]
[WhiteTitle "IM"]
[BlackTitle "IM"]
[WhiteElo "2153"]
[BlackElo "2458"]
[WhiteFideId "4131177"]
[BlackFideId "1634852"]
[EventDate "2017.12.15"]
[EventType "blitz"]

1. e4 e5 2. Nf3 Nc6 3. Bc4 Bc5 4. O-O Nf6 5. d4 Bxd4 6. Nxd4 Nxd4 7. Bg5 h6 8.
f4 Ne6 9. fxe5 hxg5 10. exf6 gxf6 11. Nc3 c6 12. Qf3 Rh6 13. g3 Qa5 14. Bb3 d6
15. Rad1 Bd7 16. Kg2 O-O-O 17. Rxd6 Rdh8 18. Rh1 Qc5 19. Rd2 Nf4+ 20. Kf1 Bh3+
21. Ke1 Ng6 22. Qxf6 Ne5 23. Qf2 Qb4 24. Kd1 Bg4+ 25. Kc1 Bf3 26. Rf1 g4 27. Ne2
Rxh2 28. Qd4 Qxd4 29. Nxd4 Rxd2 30. Kxd2 Bxe4 31. Bxf7 Rd8 32. Be6+ Kc7 33. Ke3
Bd5 34. c3 Nc4+ 35. Kf4 Rf8+ 36. Bf5 c5 37. Nb5+ Kb6 38. Na3 Nd6 0-1

[Event "European Blitz 2017"]
[Site "Katowice POL"]
[Date "2017.12.15"]
[Round "14.70"]
[White "Boe, Mads"]
[Black "Kastelik, Adrian"]
[Result "1-0"]
[WhiteTitle "FM"]
[WhiteElo "2292"]
[BlackElo "2176"]
[WhiteFideId "1401408"]
[BlackFideId "1134701"]
[EventDate "2017.12.15"]
[EventType "blitz"]

1. d4 d5 2. Nf3 Nf6 3. Bg5 Bf5 4. e3 Nc6 5. Bxf6 exf6 6. Bd3 Qd7 7. O-O Bd6 8.
c4 Nb4 9. Bxf5 Qxf5 10. Nbd2 O-O 11. c5 Be7 12. a3 Na6 13. b4 c6 14. Qb1 Qxb1
15. Rfxb1 Nc7 16. a4 b6 17. Ne1 Rfb8 18. Nd3 Kf8 19. Kf1 Ke8 20. Ke2 Kd7 21. Nb3
a5 22. cxb6 Rxb6 23. bxa5 Rbb8 24. Nbc5+ Bxc5 25. Nxc5+ Kd6 26. Rb6 Ne6 27. Rab1
Rc8 28. Rc1 Nxc5 29. dxc5+ Kc7 30. a6 Ra7 31. Rcb1 Rca8 32. Rb7+ Kc8 33. Rxa7
Rxa7 34. Rb6 Kc7 35. Kd3 h5 36. Kd4 g6 37. h4 Ra8 38. a5 Kd7 39. Rb7+ Ke6 40. a7
f5 41. f4 f6 42. Rc7 g5 43. Rxc6+ Kf7 44. Ra6 Kg6 45. g3 Kh6 46. c6 Kg6 47. c7
gxh4 48. gxh4 Kh6 49. c8=Q Rxc8 50. a8=Q Rg8 51. Rxf6+ Kh7 52. Qxg8+ 1-0

[Event "European Blitz 2017"]
[Site "Katowice POL"]
[Date "2017.12.15"]
[Round "14.71"]
[White "Piesik, Piotr"]
[Black "Mucha, Piotr"]
[Result "1-0"]
[WhiteTitle "FM"]
[WhiteElo "2374"]
[BlackElo "2165"]
[WhiteFideId "1136194"]
[BlackFideId "1164163"]
[EventDate "2017.12.15"]
[EventType "blitz"]

1. Nf3 Nf6 2. g3 g6 3. Bg2 Bg7 4. O-O O-O 5. d4 d6 6. Nbd2 Nc6 7. e4 Bg4 8. c3
Qd7 9. Qc2 Bh3 10. Re1 Bxg2 11. Kxg2 e5 12. dxe5 dxe5 13. b4 Ne8 14. Nc4 Nd6 15.
Rd1 Qe6 16. Ne3 f5 17. Ng5 Qe8 18. Nd5 Rc8 19. b5 Nd8 20. exf5 gxf5 21. c4 h6
22. Nf3 Ne6 23. Bb2 Nc5 24. Nxc7 Rxc7 25. Rxd6 Ne4 26. Rd5 Qe6 27. Qe2 Nd6 28.
Rc1 Nxc4 29. Rxc4 Qxd5 30. Rxc7 f4 31. Rxg7+ Kxg7 32. Qxe5+ Qxe5 33. Bxe5+ Kh7
34. Bxf4 Rd8 35. Be3 b6 36. Nd4 Kg6 37. Nc6 Rd7 38. Ne5+ 1-0